Detalles MARC
| 000 -LEADER |
| fixed length control field |
01721nam a22003977a 4500 |
| 003 - CONTROL NUMBER IDENTIFIER |
| control field |
AR-FvUNAJ |
| 005 - DATE AND TIME OF LATEST TRANSACTION |
| control field |
20251203142650.0 |
| 008 - FIXED-LENGTH DATA ELEMENTS--GENERAL INFORMATION |
| fixed length control field |
190813b ||||| |||| 00| 0 spa d |
| 020 ## - INTERNATIONAL STANDARD BOOK NUMBER |
| International Standard Book Number |
978-987-45086-0-7 |
| 040 ## - CATALOGING SOURCE |
| Transcribing agency |
AR-FvUNAJ |
| 082 14 - DEWEY DECIMAL CLASSIFICATION NUMBER |
| Edition number |
14 |
| Classification number |
336.09 |
| 110 1# - MAIN ENTRY--CORPORATE NAME |
| 9 (RLIN) |
8128 |
| Corporate name or jurisdiction name as entry element |
Argentina. Ministerio de Economía y Finanzas Públicas |
| Subordinate unit |
. Comisión Nacional de Valores. |
| Relator term |
Oficina de Coordinación de Políticas de Derechos Humanos, Verdad y Justicia |
| 245 10 - TITLE STATEMENT |
| Title |
Economía, política y sistema financiero : |
| Remainder of title |
La última dictadura cívico militar en la CNV / |
| Statement of responsibility, etc |
Ministerio de Economía y Finanzas Públicas, Comisión Nacional de Valores, Oficina de Coordinación de Políticas de Derechos Humanos, Verdad y Justicia |
| 260 ## - PUBLICATION, DISTRIBUTION, ETC. (IMPRINT) |
| Place of publication, distribution, etc |
Buenos Aires : |
| Name of publisher, distributor, etc |
Comisión Naciona de Valores, |
| Date of publication, distribution, etc |
2013 |
| 300 ## - PHYSICAL DESCRIPTION |
| Extent |
173 p. + 1 c.d. |
| 500 ## - GENERAL NOTE |
| General note |
Contiene una nómina de empresarios y financistas secuestrados y/o desparecidos durante la última dictadura cívico-militar. |
| 600 24 - SUBJECT ADDED ENTRY--PERSONAL NAME |
| 9 (RLIN) |
8130 |
| Personal name |
TAIANA, JORGE ENRIQUE |
| 600 10 - SUBJECT ADDED ENTRY--PERSONAL NAME |
| Personal name |
Bayer, Osvaldo |
| Dates associated with a name |
1927-2018 |
| 9 (RLIN) |
8131 |
| 610 10 - SUBJECT ADDED ENTRY--CORPORATE NAME |
| Corporate name or jurisdiction name as entry element |
Comisión Nacional de Valores |
| 9 (RLIN) |
8127 |
| 610 20 - SUBJECT ADDED ENTRY--CORPORATE NAME |
| Corporate name or jurisdiction name as entry element |
Bolsa de Comercio de Buenos Aires |
| 9 (RLIN) |
8136 |
| 610 10 - SUBJECT ADDED ENTRY--CORPORATE NAME |
| Corporate name or jurisdiction name as entry element |
Banco Central de la República Argentina |
| 9 (RLIN) |
8137 |
| 610 10 - SUBJECT ADDED ENTRY--CORPORATE NAME |
| 9 (RLIN) |
8138 |
| Corporate name or jurisdiction name as entry element |
ACINDAR |
| 650 27 - SUBJECT ADDED ENTRY--TOPICAL TERM |
| Source of heading or term |
unescot |
| 9 (RLIN) |
1105 |
| Topical term or geographic name as entry element |
DERECHOS HUMANOS |
| 650 24 - SUBJECT ADDED ENTRY--TOPICAL TERM |
| 9 (RLIN) |
1817 |
| Topical term or geographic name as entry element |
ECONOMIA POLITICA |
| 650 27 - SUBJECT ADDED ENTRY--TOPICAL TERM |
| Source of heading or term |
unescot |
| 9 (RLIN) |
5297 |
| Topical term or geographic name as entry element |
SISTEMA FINANCIERO |
| 650 27 - SUBJECT ADDED ENTRY--TOPICAL TERM |
| Source of heading or term |
unescot |
| 9 (RLIN) |
559 |
| Topical term or geographic name as entry element |
DICTADURA |
| 650 24 - SUBJECT ADDED ENTRY--TOPICAL TERM |
| 9 (RLIN) |
8139 |
| Topical term or geographic name as entry element |
PAPEL PRENSA |
| 650 20 - SUBJECT ADDED ENTRY--TOPICAL TERM |
| Topical term or geographic name as entry element |
BANCO |
| 9 (RLIN) |
6068 |
| 650 24 - SUBJECT ADDED ENTRY--TOPICAL TERM |
| 9 (RLIN) |
7915 |
| Topical term or geographic name as entry element |
EMPRESAS PRIVADAS |
| 650 27 - SUBJECT ADDED ENTRY--TOPICAL TERM |
| Source of heading or term |
unescot |
| 9 (RLIN) |
805 |
| Topical term or geographic name as entry element |
TERRORISMO |
| 650 24 - SUBJECT ADDED ENTRY--TOPICAL TERM |
| 9 (RLIN) |
7607 |
| Topical term or geographic name as entry element |
GOLPE MILITAR |
| 650 20 - SUBJECT ADDED ENTRY--TOPICAL TERM |
| 9 (RLIN) |
8141 |
| Topical term or geographic name as entry element |
LEY 20.840 |
| 651 24 - SUBJECT ADDED ENTRY--GEOGRAPHIC NAME |
| 9 (RLIN) |
326 |
| Geographic name |
ARGENTINA |
| 942 ## - ADDED ENTRY ELEMENTS (KOHA) |
| Source of classification or shelving scheme |
Dewey Decimal Classification |
| Koha item type |
Libro, folleto, traducción |
| 980 ## - EQUIVALENCE OR CROSS-REFERENCE-SERIES STATEMENT--PERSONAL NAME/TITLE [LOCAL, CANADA] |
| Field link and sequence number |
2 |
| Miscellaneous information |
Virginia Figueroa |